000 00353nam a2200133Ia 4500
008 230822s2009 xx 000 0 und d
020 _a9780000000000000
041 _aeng
082 _a690
100 _aWIKINSON .P.
245 _a50 ARCHITECTURE IDEAS YOU REALLY NEED TO KNOW
260 _bAFFILIATED EAST-WEST PRESS PVT. LTD.
_c2009
300 _a253
999 _c860817
_d860817